Alle Weltcupsieger im Skispringen - Statistiken

Allgemein
  • Dieses Quiz wurde 138 mal gespielt
  • Das Durchschnittsergebnis liegt bei 25 aus 46
Antwortstatistiken
Jahr Sieger % Korrekt
2016/17 Stefan Kraft
90%
2019/20 Stefan Kraft
90%
2023/24 Stefan Kraft
90%
2018/19 Ryōyū Kobayashi
88%
2021/22 Ryōyū Kobayashi
88%
2008/09 Gregor Schlierenzauer
87%
2012/13 Gregor Schlierenzauer
87%
2015/16 Peter Prevc
81%
2013/14 Kamil Stoch
79%
2017/18 Kamil Stoch
79%
2003/04 Janne Ahonen
77%
2004/05 Janne Ahonen
77%
2014/15 Severin Freund
76%
2007/08 Thomas Morgenstern
73%
2010/11 Thomas Morgenstern
73%
2024/25 Daniel Tschofenig
71%
1983/84 Jens Weißflog
66%
1998/99 Martin Schmitt
64%
1999/00 Martin Schmitt
64%
2020/21 Halvor Egner Granerud
63%
2022/23 Halvor Egner Granerud
63%
2000/01 Adam Małysz
61%
2001/02 Adam Małysz
61%
2002/03 Adam Małysz
61%
2006/07 Adam Małysz
61%
1992/93 Andreas Goldberger
56%
1994/95 Andreas Goldberger
56%
1995/96 Andreas Goldberger
56%
2009/10 Simon Ammann
52%
1982/83 Matti Nykänen
47%
1984/85 Matti Nykänen
47%
1985/86 Matti Nykänen
47%
1987/88 Matti Nykänen
47%
2005/06 Jakub Janda
41%
2011/12 Anders Bardal
30%
1996/97 Primož Peterka
28%
1997/98 Primož Peterka
28%
1990/91 Andreas Felder
21%
1993/94 Espen Bredesen
19%
1991/92 Toni Nieminen
18%
1979/80 Hubert Neuper
15%
1980/81 Armin Kogler
14%
1981/82 Armin Kogler
14%
1988/89 Jan Boklöv
13%
1989/90 Ari-Pekka Nikkola
11%
1986/87 Vegard Opaas
8%
Keine übereinstimmenden Quizze gefunden
Verteilung der Resultate
Anzahl Personen mit jedem Resultat
Perzentil nach korrekt beantworteten Fragen
Ihre Resultats-Entwicklung
Sie haben dieses Quiz noch nicht gespielt